000
00301nam a22001337a 4500
008
170414b xxu||||| |||| 00| 0 eng d
020
_a
032301402
041
_a
eng
080
_2
4 ED
_a
618
100
_a
10
101
_a
SHM
245
_a
COMPREHENSIVE GYNECOLOGY
_c
STENCHEVER.M.A
942
_2
udc
_c
BK
999
_c
10774
_d
10774